<?xml version="1.0" encoding="UTF-8"?>
<record
    xmlns:xsi="http://www.w3.org/2001/XMLSchema-instance"
    xsi:schemaLocation="http://www.loc.gov/MARC21/slim http://www.loc.gov/standards/marcxml/schema/MARC21slim.xsd"
    xmlns="http://www.loc.gov/MARC21/slim">

  <leader>01923nam a22002297a 4500</leader>
  <controlfield tag="001">9162</controlfield>
  <controlfield tag="003">FISKH</controlfield>
  <controlfield tag="005">20251126113258.0</controlfield>
  <controlfield tag="008">251126b        cb ||||| |||| 00| 0 eng d</controlfield>
  <datafield tag="020" ind1=" " ind2=" ">
    <subfield code="a">9789995001322</subfield>
  </datafield>
  <datafield tag="040" ind1=" " ind2=" ">
    <subfield code="a">FISKH</subfield>
    <subfield code="b">khr</subfield>
    <subfield code="c">FISKH</subfield>
    <subfield code="d">FISKH</subfield>
  </datafield>
  <datafield tag="082" ind1=" " ind2=" ">
    <subfield code="a">372.83</subfield>
  </datafield>
  <datafield tag="100" ind1=" " ind2=" ">
    <subfield code="a">Sophy , Van </subfield>
  </datafield>
  <datafield tag="245" ind1=" " ind2=" ">
    <subfield code="a">&#x179F;&#x17B7;&#x1780;&#x17D2;&#x179F;&#x17B6;&#x179F;&#x1784;&#x17D2;&#x1782;&#x1798; &#x1790;&#x17D2;&#x1793;&#x17B6;&#x1780;&#x17CB;&#x1791;&#x17B8; &#x17E5; /</subfield>
    <subfield code="c">&#x1782;&#x178E;&#x17C7;&#x1780;&#x1798;&#x17D2;&#x1798;&#x1780;&#x17B6;&#x179A;&#x1793;&#x17B7;&#x1796;&#x1793;&#x17D2;&#x1792; &#x179B;&#x17C4;&#x1780;&#x179F;&#x17D2;&#x179A;&#x17B8; &#x179C;&#x17C9;&#x17B6;&#x1793;&#x17CB; &#x179F;&#x17BB;&#x1797;&#x17B8; , &#x179B;&#x17C4;&#x1780; &#x1784;&#x17B7;&#x1793; &#x179F;&#x17BB;&#x178F;&#x17B6;&#x179A;&#x17B6; , &#x179B;&#x17C4;&#x1780; &#x1782;&#x1784;&#x17CB; &#x17A0;&#x17B6;&#x1780;&#x17CB; &#x1793;&#x17B7;&#x1784; &#x179B;&#x17C4;&#x1780; &#x1799;&#x17B7;&#x1793; &#x179F;&#x17BB;&#x1792;&#x17B6; </subfield>
  </datafield>
  <datafield tag="260" ind1=" " ind2=" ">
    <subfield code="a">&#x1797;&#x17D2;&#x1793;&#x17C6;&#x1796;&#x17C1;&#x1789; : </subfield>
    <subfield code="b">&#x1782;&#x17D2;&#x179A;&#x17B9;&#x17C7;&#x179F;&#x17D2;&#x1790;&#x17B6;&#x1793;&#x1794;&#x17C4;&#x17C7;&#x1796;&#x17BB;&#x1798;&#x17D2;&#x1796;&#x1793;&#x17B7;&#x1784;&#x1785;&#x17C2;&#x1780;&#x1795;&#x17D2;&#x179F;&#x17B6;&#x1799; ,</subfield>
    <subfield code="c">2021.</subfield>
  </datafield>
  <datafield tag="300" ind1=" " ind2=" ">
    <subfield code="a">124 pages : </subfield>
    <subfield code="b">illustrations ; </subfield>
    <subfield code="c">25 cm . </subfield>
  </datafield>
  <datafield tag="520" ind1=" " ind2=" ">
    <subfield code="a">&#x179F;&#x17C0;&#x179C;&#x1797;&#x17C5;&#x1793;&#x17C1;&#x17C7;&#x1798;&#x17B6;&#x1793;&#x179A;&#x17BC;&#x1794;&#x1797;&#x17B6;&#x1796;&#x1793;&#x17B7;&#x1784;&#x1781;&#x17D2;&#x179B;&#x17B9;&#x1798;&#x179F;&#x17B6;&#x179A;&#x178A;&#x17C2;&#x179B;&#x1794;&#x1784;&#x17D2;&#x17A0;&#x17B6;&#x1789;&#x1796;&#x17B8;&#x178F;&#x1798;&#x17D2;&#x179B;&#x17C3;&#x179F;&#x17B8;&#x179B;&#x1792;&#x1798;&#x17CD; &#x179C;&#x1794;&#x17D2;&#x1794;&#x1792;&#x1798;&#x17CF; &#x1794;&#x17D2;&#x179A;&#x1796;&#x17C3;&#x178E;&#x17B8;&#x1787;&#x17B6;&#x178F;&#x17B7; &#x1794;&#x17D2;&#x179A;&#x179C;&#x178F;&#x17D2;&#x178F;&#x17B7;&#x179F;&#x17B6;&#x179F;&#x17D2;&#x179A;&#x17D2;&#x178F; &#x1797;&#x17BC;&#x1798;&#x17B7;&#x179F;&#x17B6;&#x179F;&#x17D2;&#x179A;&#x17D2;&#x178F;&#x178A;&#x17BE;&#x1798;&#x17D2;&#x1794;&#x17B8;&#x17A2;&#x17C4;&#x1799;&#x1794;&#x17D2;&#x17A2;&#x17BC;&#x1793;&#x17D7;&#x1784;&#x17B6;&#x1799;&#x179F;&#x17B7;&#x1780;&#x17D2;&#x179F;&#x17B6;&#x1793;&#x17B7;&#x1784;&#x1784;&#x17B6;&#x1799;&#x17A2;&#x1793;&#x17BB;&#x179C;&#x178F;&#x17D2;&#x178F;&#x1796;&#x17D2;&#x179A;&#x17C4;&#x17C7;&#x1794;&#x17D2;&#x17A2;&#x17BC;&#x1793;&#x17A2;&#x17B6;&#x1785;&#x1792;&#x17D2;&#x179C;&#x17BE;&#x179B;&#x17C6;&#x17A0;&#x17B6;&#x178F;&#x17CB; &#x1792;&#x17D2;&#x179C;&#x17BE;&#x1780;&#x17B6;&#x179A;&#x179F;&#x1793;&#x17D2;&#x1791;&#x1793;&#x17B6; &#x179F;&#x17D2;&#x179A;&#x17B6;&#x179C;&#x1787;&#x17D2;&#x179A;&#x17B6;&#x179C;&#x1796;&#x178F;&#x17CF;&#x1798;&#x17B6;&#x1793;&#x1794;&#x17D2;&#x179B;&#x17C2;&#x1780;&#x17D7; &#x1793;&#x17B7;&#x1784;&#x1796;&#x178E;&#x17CF;&#x1793;&#x17B6;&#x1796;&#x17B8;&#x200B;&#x1781;&#x17D2;&#x179B;&#x17B9;&#x1798;&#x179F;&#x17B6;&#x179A;&#x1798;&#x17C1;&#x179A;&#x17C0;&#x1793;&#x178A;&#x17C4;&#x1799;&#x1781;&#x17D2;&#x179B;&#x17BD;&#x1793;&#x17AF;&#x1784;&#x1794;&#x17B6;&#x1793;&#x200B; &#x17D4;</subfield>
  </datafield>
  <datafield tag="520" ind1=" " ind2=" ">
    <subfield code="a">&#x201C;This book contains illustrations and content that present moral values, culture, national traditions, history, and geography, making it easier for students to learn and apply. Students can do exercises, engage in conversations, research different information, and describe the lesson content on their own.&#x201D;</subfield>
  </datafield>
  <datafield tag="700" ind1=" " ind2=" ">
    <subfield code="a">Sovanna, Long</subfield>
    <subfield code="e">Illustrator </subfield>
  </datafield>
  <datafield tag="942" ind1=" " ind2=" ">
    <subfield code="2">ddc</subfield>
    <subfield code="c">KHB</subfield>
    <subfield code="n">0</subfield>
  </datafield>
  <datafield tag="999" ind1=" " ind2=" ">
    <subfield code="c">9162</subfield>
    <subfield code="d">9162</subfield>
  </datafield>
  <datafield tag="952" ind1=" " ind2=" ">
    <subfield code="0">0</subfield>
    <subfield code="1">0</subfield>
    <subfield code="2">ddc</subfield>
    <subfield code="4">0</subfield>
    <subfield code="7">0</subfield>
    <subfield code="8">REF</subfield>
    <subfield code="a">002</subfield>
    <subfield code="b">002</subfield>
    <subfield code="c">LSHTTP</subfield>
    <subfield code="d">2025-11-26</subfield>
    <subfield code="l">0</subfield>
    <subfield code="o">SOP 372.83</subfield>
    <subfield code="p">2025-4912</subfield>
    <subfield code="r">2025-11-26 11:32:43</subfield>
    <subfield code="w">2025-11-26</subfield>
    <subfield code="y">KHB</subfield>
  </datafield>
</record>
